000 00925nas a2200301 4500
001 BR0400223
003 BR-BrBNA
005 20231205104338.0
007 ta
008 230509b bl.|||p| |||| 00| 00por d
040 _aBR-BrBNA
_bpor
_cBiblioteca Nacional de Agricultura
041 _a(Pt)
072 _aL10
100 1 _aCamelo, A.S.A.
100 1 _aRibeiro, H.F.L.
100 1 _aVale, W.G.
100 1 _aSilva, A.O.A.
100 1 _aSousa, J.S.
245 1 _aInseminação artificial em tempo fixo em búfalas após o uso do protocolo ovsynch, em diferentes horários
650 _aBÚFALO
650 _aINSEMINAÇÃO ARTIFICIAL
650 _aPRENHEZ
650 _aCICLO ESTRAL
650 _aAMAZÔNIA
773 0 _tRevista Brasileira de Reprodução Animal (Brazil)
_xISSN 0102-0803
_g(Jul-Sep 2003), v. 27(3) p. 524-525
_wBR0400223
909 _a202311
_bLúcia
_c55
_dLúcia Elande
942 _2AGRIS
_n0
_cANA
999 _c177678
_d177678